| 000 | 00617nam a2200241Ia 4500 | ||
|---|---|---|---|
| 003 | OSt | ||
| 005 | 20220926024817.0 | ||
| 006 | a|||||r|||| 00| 0 | ||
| 007 | ta | ||
| 008 | 220923b |||||||| |||| 00| 0 eng d | ||
| 037 | _cGeneral Book | ||
| 040 |
_aRTL _cRTL _beng |
||
| 041 |
_2eng _aeng |
||
| 082 | _aQ43, G1 | ||
| 100 |
_aBell Charles _976985 |
||
| 245 | 0 | _aReligion of tibet | |
| 260 |
_aOxford _bClarendon Press _c1931 |
||
| 300 |
_axv, 235p _ccm. |
||
| 500 | _aAppendix: P 215-20 | ||
| 650 | _aBuddhism | ||
| 942 |
_hQ43, G1 _cGB _2CC |
||
| 999 |
_c645508 _d645508 |
||